Popular Artists from 2001 - Statistics

General Stats
  • This quiz has been taken 40 times
  • The average score is 7 of 20
Answer Stats
Song Artist % Correct
Jenny From The Block Jennifer Lopez
83%
Empire State Of Mind Jay Z
79%
Say My Name Destiny's Child
69%
Hey, Soul Sister Train
69%
It Wasn't Me Shaggy
66%
Dilemma Nelly
52%
OMG Usher
45%
Work It Missy Elliott
38%
Say It Right Nelly Furtado
34%
All For You Janet Jackson
21%
Thank You Dido
17%
Always On Time Ja Rule
17%
Hanging By A Moment Lifehouse
17%
It's Been Awhile Staind
17%
Unwell Matchbox Twenty
14%
Drive Incubus
10%
Peaches & Cream 112
7%
What Would You Do? City High
7%
Gangsta Lovin' Eve
7%
The Way You Love Me Faith Hill
7%
No matching quizzes found
Score Distribution
Percent of People with Each Score
Percentile by Number Answered
Your Score History
You have not taken this quiz